| 000 -LEADER |
| fixed length control field |
00822nam a22002057a 4500 |
| 008 - FIXED-LENGTH DATA ELEMENTS--GENERAL INFORMATION |
| fixed length control field |
250528b xxu||||| |||| 00| 0 eng d |
| 040 ## - CATALOGING SOURCE |
| Original cataloging agency |
Cagayan State University |
| 082 ## - DEWEY DECIMAL CLASSIFICATION NUMBER |
| Classification number |
791.4372 |
| Item number |
F418 |
| 245 ## - TITLE STATEMENT |
| Title |
Festival of the Living Dead / directed by Jen Soska, Sylvia Soska ; written by Miriam Lyapin, Helen Marsh ; produce by Tara Cowell-Plain |
| 300 ## - PHYSICAL DESCRIPTION |
| Extent |
1 videofile, (ca.82 min) ; |
| 520 ## - SUMMARY, ETC. |
| Summary, etc |
While attending a festival to commemorate the original zombie attack, Ash and her friends encounter the living dead and must fight back or be devoured. |
| 546 ## - LANGUAGE NOTE |
| Language note |
in English subtitle |
| 650 ## - SUBJECT ADDED ENTRY--TOPICAL TERM |
| Topical term or geographic name as entry element |
Horror |
| 700 ## - ADDED ENTRY--PERSONAL NAME |
| Personal name |
Moore, Ashley star |
| 700 ## - ADDED ENTRY--PERSONAL NAME |
| Personal name |
Anthony, Andre star. |
| 700 ## - ADDED ENTRY--PERSONAL NAME |
| Personal name |
Bicondova, Camren star. |
| 700 ## - ADDED ENTRY--PERSONAL NAME |
| Personal name |
Mirza, Tony cinematography |
| 700 ## - ADDED ENTRY--PERSONAL NAME |
| Personal name |
Trevail, David editor |
| 942 ## - ADDED ENTRY ELEMENTS (KOHA) |
| Source of classification or shelving scheme |
|
| Item type |
Audio-Visual Materials |